005980000a2200157000450024501460000030000120014650000390015865000150019765000310021265000100024365000100025365100420026304100140030526000320031977300890035110aListados analíticos de especies de perifiton, bentos y peces encontrados en el piedemonte casanareño en la época de lluvias y de sequia a139-149 a14aIctiofauna14aListas de especies icticas14aFlora14aFauna 4mCusiana, CupiaguadCasanarepColombia0 aEspañol bTaller de la tierrac[199?]1 tCatena manoa todas las aguaskvida en ríos y quebradas del piedemonte casanareño